Vývoj indexů spotřebitelských cen a životních nákladů v roce 1990.

Prehľad štatistických údajov o vývoji indexov spotrebiteľských cien a životných nákladov v roku 1991 podľa jednotlivých štvrťrokov v porovnaní s rovnakým obdobím predchádzajúceho roka podľa druhu tovarov, podľa sociálnych a príjmových skupín a podľa počtu detí.

Guardado en:
Detalles Bibliográficos
Autor principal: Kociánová, S.
Otros Autores: Weissová, J.
Formato: Capítulo de libro
Lenguaje:checo
Materias:
Etiquetas: Agregar Etiqueta
Sin Etiquetas, Sea el primero en etiquetar este registro!

MARC

LEADER 00000naa a2200000 4500
001 r004076
005 20221125081406.9
041 0 |a cze 
044 |a [CS] 
245 1 0 |a Vývoj indexů spotřebitelských cen a životních nákladů v roce 1990.  |c S. Kociánová, J. Weissová 
520 |a Prehľad štatistických údajov o vývoji indexov spotrebiteľských cien a životných nákladov v roku 1991 podľa jednotlivých štvrťrokov v porovnaní s rovnakým obdobím predchádzajúceho roka podľa druhu tovarov, podľa sociálnych a príjmových skupín a podľa počtu detí. 
610 2 0 |a indexy cenové 
610 2 0 |a náklady životné 
610 2 0 |a ceny maloobchodné 
610 2 0 |a údaje štatistické 
610 2 0 |a ČSFR 
610 2 0 |a 1990-1991 
610 2 0 |a porovnanie štatistické 
100 1 |a Kociánová, S. 
700 1 |a Weissová, J.